Škriatok Zdravý tanier : pracovný zošit, ktorý ti ukáže, ako si vytvoriť zdravý vzťah k jedlu /
Uložené v:
| Hlavný autor: | |
|---|---|
| Ďalší autori: | |
| Médium: | Kniha |
| Jazyk: | Slovak |
| Vydané: |
[Bratislava] :
Zum Zum production,
2020.
|
| Vydanie: | Vydanie prvé |
| Témy: | |
| ISBN: |
9788089896103 |
| Fyzický popis: |
36 strán : farrebné ilustrácie ; 30 cm. |
| Tagy: |
Pridať tag
Žiadne tagy, Buďte prvý kto otaguje tento záznam!
|
Titul je dostupný aj v ... 

MARC
| LEADER | 00000nam a2200000 i 4500 | ||
|---|---|---|---|
| 001 | 000651069 | ||
| 005 | 20210303075428.0 | ||
| 008 | 201217s2020 xo a j p 000 0 slo d | ||
| 020 | |a 9788089896103 |q (brožované) | ||
| 040 | |a SVKKK |b slo |c SVKKK |e rda | ||
| 041 | 0 | |a slo | |
| 044 | |a xo |c SK | ||
| 072 | 7 | |a 613 |x Hygiena. Ľudské zdravie |2 konspekt | |
| 080 | |a 613.22 |2 2011 | ||
| 080 | |a 613.2 |2 2011 | ||
| 080 | |a (076.1) |2 2011 | ||
| 100 | 1 | |a Vaculíková, Anetta |4 aut | |
| 245 | 1 | 0 | |a Škriatok Zdravý tanier : |b pracovný zošit, ktorý ti ukáže, ako si vytvoriť zdravý vzťah k jedlu / |c Anetta Vaculíková ; ilustrovala: Adela Režná. |
| 250 | |a Vydanie prvé | ||
| 264 | 1 | |a [Bratislava] : |b Zum Zum production, |c 2020. | |
| 300 | |a 36 strán : |b farrebné ilustrácie ; |c 30 cm. | ||
| 336 | |a text |b txt |2 rdacontent | ||
| 337 | |a bez média |b n |2 rdamedia | ||
| 338 | |a zväzok |b nc |2 rdacarrier | ||
| 500 | |a Názov z obálky | ||
| 650 | 0 | 7 | |a výživa detí |2 SVKKKPH |
| 650 | 0 | 7 | |a stravovanie |2 SVKKKPH |
| 650 | 0 | 7 | |a children’s nutrition |2 SVKKKPHeng |
| 650 | 0 | 7 | |a catering |2 SVKKKPHeng |
| 655 | 7 | |a pracovné zošity |2 SVKKKPH | |
| 655 | 7 | |a activity books |2 SVKKKPHeng | |
| 700 | 1 | |a Režná, Adela |4 ill | |
| 910 | |a svkkk | ||
| 919 | |a 978-80-89896-10-3 | ||
| 998 | |a BK | ||
| 090 | |g SCKHL |k Sklad Hlavná 10 prízemie |a V.240690 |j 1107746 |i 2720756737 |s Povinný výt. | ||